Statistics for Okresné sídla na Slovensku v rokoch 1949 až 1960

Click here to take the quiz!

General Stats

  • This quiz has been taken 3 times
  • The average score is 82 of 97

Answers on the Map

Answers color-coded by a green-red scale on the quiz's map according to % correct below.
 

Answer Stats

Počet obyvateľovMesto% Correct
3 581Bánovce nad Bebravou
100%
13 605Banská Bystrica
100%
{Banskobystrický}
100%
192 896Bratislava
100%
{Bratislavský}
100%
6 841Brezno
100%
4 805Bytča
100%
8 595Čadca
100%
5 248Dunajská Streda
100%
4 953Galanta
100%
2 278Ilava
100%
8 017Kežmarok
100%
16 343Komárno
100%
62 821Košice
100%
{Košický}
100%
3 012Kysucké Nové Mesto
100%
6 835Liptovský Mikuláš
100%
8 186Malacky
100%
14 711Martin
100%
1 700Medzilaborce
100%
5 508Myjava
100%
1 511Námestovo
100%
22 203Nitra
100%
{Nitriansky}
100%
10 283Nové Mesto nad Váhom
100%
20 031Nové Zámky
100%
6 724Partizánske
100%
9 023Pezinok
100%
15 734Piešťany
100%
1 606Poltár
100%
10 259Poprad
100%
8 668Považská Bystrica
100%
22 843Prešov
100%
{Prešovský}
100%
5 511Prievidza
100%
5 216Púchov
100%
1 978Revúca
100%
9 147Rimavská Sobota
100%
17 584Ružomberok
100%
6 063Senec
100%
5 093Senica
100%
5 797Skalica
100%
4 848Snina
100%
1 540Sobrance
100%
13 334Spišská Nová Ves
100%
9 122Topoľčany
100%
7 276Trebišov
100%
16 235Trenčín
100%
26 078Trnava
100%
1 712Turčianske Teplice
100%
22 856Žilina
100%
{Žilinský}
100%
15 014Zvolen
100%
9 542Banská Štiavnica
67%
6 776Bardejov
67%
4 692Čalovo (Veľký Meder)
67%
3 715Dolný Kubín
67%
5 772Fiľakovo
67%
3 686Gelnica
67%
1 531Giraltovce
67%
10 217Hlohovec
67%
1 912Hnúšťa
67%
6 843Humenné
67%
3 610Hurbanovo
67%
3 365Kráľovský Chlmec
67%
6 694Kremnica
67%
5 488Krupina
67%
13 385Levice
67%
8 654Levoča
67%
1 434Liptovský Hrádok
67%
13 431Lučenec
67%
11 412Michalovce
67%
1 886Modrý Kameň
67%
2 250Moldava nad Bodvou
67%
4 986Nová Baňa
67%
2 865Rajec
67%
7 063Rožňava
67%
4 476Sabinov
67%
3 551Šafárikovo (Tornaľa)
67%
4 533Šaľa
67%
3 857Šamorín
67%
4 204Sečovce
67%
6 868Sereď
67%
1 266Spišská Stará Ves
67%
2 129Stará Ľubovňa
67%
2 695Stropkov
67%
4 276Štúrovo
67%
5 491Šurany
67%
1 219Svidník
67%
2 913Trstená
67%
2 310Veľké Kapušany
67%
3 284Vráble
67%
3 919Vranov
67%
11 254Vysoké Tatry
67%
3 486Želiezovce
67%
4 374Zlaté Moravce
67%
4 590Šahy
33%

Score Distribution

Percentile by Number Answered

Percent of People with Each Score

Your Score History

You have not taken this quiz